000 00439nam a2200181Ia 4500
008 210210b2000 xxu||||| |||| 00| 0 eng d
082 _a362.7042 MANY
100 _aMANNATH (Joe) and KOIKARA (Felix).
245 _aYouth workers resource book.
260 _a
_bNot Mentioned
_c2000
300 _a163
650 _aYouth
650 _aworkers
650 _aresource
650 _abook.
690 _aValue Education
906 _a037843
999 _c87859
_d87859